Loading...
| Fine Arts - Painting and Sculpture | 0 | 3 | 0 | 1 | 30 | 119 | 127.33 | 0 | 2 |
| Literature - World Literature | 0 | 2 | 0 | 1 | 20 | 128 | 138.50 | 0 | 2 |
| Literature - American Literature | 0 | 2 | 0 | 0 | 20 | 100 | 119.50 | 0 | 1 |
| Geography | 0 | 2 | 0 | 0 | 20 | 78 | 88.50 | 1 | 2 |
| Religion | 0 | 2 | 0 | 1 | 20 | 138 | 139.00 | 0 | 1 |
| Fine Arts - Other Fine Arts | 0 | 2 | 1 | 0 | 15 | 126 | 128.50 | 0 | 1 |
| History - American History | 0 | 2 | 1 | 0 | 15 | 64 | 87.00 | 1 | 2 |
| Science - Biology | 0 | 2 | 2 | 1 | 10 | 90 | 103.50 | 0 | 1 |
| History - Other History | 0 | 1 | 0 | 0 | 10 | 76 | 76.00 | 0 | 1 |
| History - World History | 0 | 1 | 0 | 0 | 10 | 88 | 88.00 | 1 | 1 |
| Science - Physics | 0 | 1 | 0 | 0 | 10 | 118 | 118.00 | 0 | 0 |
| Science - Chemistry | 0 | 0 | 1 | 0 | -5 | 0.00 | 0 | 0 | |
| History - European History | 0 | 0 | 1 | 0 | -5 | 0.00 | 0 | 0 | |
| Social Science | 0 | 0 | 2 | 0 | -10 | 0.00 | 0 | 0 |